Guía estadística del notariado español publicada por la redacción de la Gaceta del Notariado comprensiva de la demarcación y cuerpo notarial de España / (Record no. 154882)

MARC details
000 -LEADER
campo de control de longitud fija 00905nam a22001935i 4500
001 - NÚMERO DE CONTROL
campo de control 154882
003 - IDENTIFICADOR DE NÚMERO DE CONTROL
campo de control ES-MaACL
005 - FECHA Y HORA DE LA ÚLTIMA TRANSACCIÓN
campo de control 20251001150121.0
008 - DATOS DE LONGITUD FIJA--INFORMACIÓN GENERAL
campo de control de longitud fija 990721s1877 sp |||| | spa d
040 ## - FUENTE DE CATALOGACIÓN
Centro catalogador/agencia de origen CCPB | B
Lengua de catalogación spa
Centro/agencia transcriptor CCPB | B
245 00 - MENCIÓN DEL TÍTULO
Título Guía estadística del notariado español publicada por la redacción de la Gaceta del Notariado comprensiva de la demarcación y cuerpo notarial de España /
Mención de responsabilidad, etc. director José Gonzalo de las Casas.
260 ## - PUBLICACIÓN, DISTRIBUCIÓN, ETC.
Lugar de publicación, distribución, etc. Madrid :
Nombre del editor, distribuidor, etc. Oficinas del Centro Notarial de España,
Fecha de publicación, distribución, etc. 1877.
300 ## - DESCRIPCIÓN FÍSICA
Extensión 204 p. ;
Dimensiones 21 cm.
500 ## - NOTA GENERAL
Nota general En anteportada: Guía estadística del notariado español publicada.
650 #4 - PUNTO DE ACCESO ADICIONAL DE MATERIA--TÉRMINO DE MATERIA
Término de materia o nombre geográfico como elemento de entrada Notarios-
Subdivisión geográfica España-
Subdivisión de forma Guías-
Subdivisión cronológica 1877.
9 (RLIN) 136603
700 1# - ENTRADA AGREGADA--NOMBRE PERSONAL
Nombre de persona Casas y Quijano, José Gonzalo de las,
Fechas asociadas al nombre 1826-1894
9 (RLIN) 127392
852 ## - LOCALIZACIÓN
Ubicación ES-MaACL
Número de control de estantería T-269-F-1
Nota libre -- Enc. hol., falto de la cub. original
-- -- Enc. en un vol. facticio
Holdings
Estatus retirado Estado de pérdida Estado de daño No para préstamo Colección Biblioteca de origen Biblioteca actual Ubicación en estantería Fecha de adquisición Total de préstamos Signatura topográfica completa Código de barras Visto por última vez Precio de reemplazo Tipo de ítem Koha
        Colección de folletos Biblioteca del Ateneo de Madrid Biblioteca del Ateneo de Madrid Depósito folletos 17/01/2008   T-269-F-1 1162010 23/02/2023 23/02/2023 Folleto